| 000 | 00636nam a2200193Ia 4500 | ||
|---|---|---|---|
| 999 |
_c10073 _d10073 |
||
| 020 | _a1843764423 | ||
| 082 | _a303.625095 GLO- | ||
| 245 | 0 | _aGlobalisation and the New Terror: the Asia Pacific Dimension | |
| 260 |
_aCheltenham _bEdward Elgar Publishing, Inc. _c2004 |
||
| 300 | _axv, 316 | ||
| 504 | _aincludes bibliographical references and index | ||
| 650 |
_aTerrorism _vCongresses |
||
| 650 |
_aTerrorism _aCongresses _vAsia |
||
| 650 |
_aWorld Politics _vCongresses _zPacific Area |
||
| 650 |
_aGlobalisation _vCongresses |
||
| 650 |
_aWorld Politics _vCongresses _z1995-2005 |
||
| 700 | _aJones, David Martin | ||
| 942 |
_cBK _2ddc |
||